000 00365nam a2200145Ia 4500
008 230917s9999||||xx |||||||||||||| ||und||
040 _e160028
_aMAIN
041 _aEnglish
082 _a338.4791 K112T
100 _aKabia, Sunil K
245 0 _aTourism and hospitality industry
260 _aNew Delhi
_bReference Press
_c2005
300 _a338 p.
942 _cBK
999 _c130607
_d130607